• 首页
  • 本馆介绍
  • 公告通知
  • 最新文献
  • 馆藏检索
  • 电子资源
  • 读者导购
  • 参考咨询
  • 我的图书馆
  • 登录
  • 详细信息显示
  • 放入我的书架
  • 预约/预借图书
  • 作者相关作品
  • 分类相关作品
  • 丛书相关作品
  • 出版社相关作品

书目信息

  • 表格格式
  • 工作单格式
  • 卡片格式
题名:
织物检验与整理
    
 
作者: 张振 , 过念薪 编著
分册:  
出版信息: 北京   纺织工业出版社  2000.01
页数: 191页
开本: 19cm
丛书名:
单 册:
中图分类: TS115
科图分类:
主题词: 棉纺织
电子资源:
ISBN: 7-5064-1732-4
000 00640nam0 2200217 450
001 0432730761
005 20040316090530.37
010    @a7-5064-1732-4@dCNY15.00
100    @a20040316d2000 km y0chiy0120 ea
101 0  @achi
102    @aCN@b110000
200 1  @a织物检验与整理@Azhi wu jian yan yu zheng li@f张振,过念薪编著@Fzhang zhen,guo nian xin bian zhu
210    @a北京@c纺织工业出版社@d2000.01
215    @a191页@d19cm
300    @a棉纺织生产工人技术读本
606 0  @a棉纺织
690    @aTS115@v4
701  0 @a张振@Azhang zhen@4编著
701  0 @a过念薪@Aguo nian xin@4编著
801  0 @aCN@bPFT@c20040316
905    @aBZT@dTS115@e1@f8
    
    织物检验与整理/张振,过念薪编著.-北京:纺织工业出版社,2000.01
    191页;19cm
    棉纺织生产工人技术读本
    
    ISBN 7-5064-1732-4:CNY15.00
    
●
相关链接 在五车中查询图书 在当当中查询图书 在豆瓣中查询图书


正题名:织物检验与整理     索取号:TS115/1         预约/预借

序号 登录号 条形码 馆藏地/架位号 状态 备注
1 0359946   230095716   中心书库中库/ 中库025架B面7列2层38/ [索取号:TS115/1] 在馆    
2 0359947   230095714   中心书库中库/ 中库025架B面7列2层41/ [索取号:TS115/1] 在馆    
3 0359948   230095715   中心书库中库/ 中库025架B面7列2层42/ [索取号:TS115/1] 在馆    
4 0359949   230095713   中心书库中库/ 中库025架B面5列5层14/ [索取号:TS115/1] 在馆    
5 0359950   230095718   中心书库中库/ 中库025架B面7列2层40/ [索取号:TS115/1] 在馆    
6 0359952   230095719   中心书库中库/ 中库025架B面7列2层39/ [索取号:TS115/1] 在馆    
7 2001062028   2001062028   样本书库/样008架A面2层3列/ [索取号:TS115/1] 在馆    
山东省滨州职业学院图书馆 欢迎您!
大连网信软件有限公司© 版权所有